000 01278nam a22002897a 4500
005 20240530110453.0
008 150520s2011 ua g b 000 0 ara d
017 _a2010/16318
_bمصر . دار الكتب المصرية
020 _a978977383216
040 _aEG-CaGPL
082 0 4 _221
_a371.9142\
_bس أ
100 0 _aسليمان عبدالواحد يوسف
245 1 2 _aالارشاد النفسى لدى اطفال الروضة ذوى اضرابات التخاطب /
_cتاليف سليمان عبدالواحد يوسف ، هانى شحات احمد
250 _aط1
260 _aالقاهرة :
_bإيتراك للطباعة و النشر و التوزيع ،
_c2011 .
300 _a147 ص ؛
_c24 سم .
504 _aيشتمل على ارجاعات ببليوجرافية
650 0 4 _aالاطفال
_xعلم نفس
650 0 4 _aالاطفال بطيئو التعلم
650 0 4 _aاطفال ما قبل المدرسة
650 0 4 _aاطفال ما قبل المدرسة
_xعلم نفس
650 0 4 _aاطفال ما قبل المدرسة
_xالتلعثم
650 0 4 _aاطفال ما قبل المدرسة
_xالنطق
_xعيوب
700 0 _aهانى شحات احمد
942 _2ddc
_cBK
999 _c61297
_d61297